000 00694nam a2200217Ia 4500
001 15793
003 GE_BSU
008 181216s||||||||xx |||||||||||||| ||und||
020 _a5-529-01033-4
040 _cGE_BSU
080 _a821.353.1-1 + 821.353.1-11
100 _aჭილაძე, ო. (ოთარ, 1933-2009)
245 _aლექსები, პოემები
245 _cრედ.თ.დაუშვილი. მხატვ.ზ.დეისაძე
260 _aთბილისი
260 _bსაქართველო,
260 _c1991
300 _a320 გვ. ; 20 სმ
653 _aლექსები, პოემები
942 _cBK
999 _c48890
_d48890